Подробности
| 000 -МАРКЕР |
| контрольное поле |
03702nkm0a2200577 4500 |
| 001 - ИДЕНТИФИКАТОР ЗАПИСИ |
| контрольное поле |
RU\NLR\BIBL_A\011392170 |
| 005 - ИДЕНТИФИКАТОР ВЕРСИИ |
| контрольное поле |
20260407220452.0 |
| 035 ## - ДРУГИЕ СИСТЕМНЫЕ НОМЕРА |
| Идентификатор записи |
(NLR Aleph) 011392170 |
| 071 50 - ИЗДАТЕЛЬСКИЙ НОМЕР |
| Номер, присвоенный агентством |
83 |
| Цена |
20 коп. |
| -- |
26000 |
| 100 ## - ДАННЫЕ ОБЩЕЙ ОБРАБОТКИ |
| Данные общей обработки |
20170524d1933 |||y0rusy50 ca |
| 101 0# - ЯЗЫК РЕСУРСА |
| Язык текста, звукозаписи и т.д. |
русский |
| 102 ## - СТРАНА ПУБЛИКАЦИИ ИЛИ ПРОИЗВОДСТВА |
| Страна публикации |
Российская Федерация |
| 116 ## - ПОЛЕ КОДИРОВАННЫХ ДАННЫХ: ИЗОБРАЗИТЕЛЬНЫЕ МАТЕРИАЛЫ |
| Кодированные данные для изобразительных материалов. |
diycxx zz ae |
| 135 ## - ПОЛЕ КОДИРОВАННЫХ ДАННЫХ: ЭЛЕКТРОННЫЕ РЕСУРСЫ |
| Кодированные данные для электронного ресурса |
crcn 024anaba |
| 200 1# - ЗАГЛАВИЕ И СВЕДЕНИЯ ОБ ОТВЕТСТВЕННОСТИ |
| Основное заглавие |
Крым |
| Наименование части |
Ливадия |
| -- |
Беседка в парке |
| Общее обозначение материала |
Изоматериал |
| Сведения, относящиеся к заглавию |
почтовая карточка |
| 210 ## - ПУБЛИКАЦИЯ, РАСПРОСТРАНЕНИЕ И ДР. |
| Место издания, распространения и т.д. |
Симферополь |
| Имя издателя, распространителя и т. д. |
Крымгосиздат |
| Дата издания, распространения и т.д. |
[1933?] |
| Место изготовления |
Ленинград |
| Имя изготовителя |
Тип. им. Володарского |
| 215 ## - ФИЗИЧЕСКАЯ ХАРАКТЕРИСТИКА |
| Специфическое обозначение материала и объем |
1 л. |
| Другие сведения о физической характеристике |
цв. фотомех. печ. |
| Размеры |
14,9х10,4 |
| 300 ## - ОБЩИЕ ПРИМЕЧАНИЯ |
| Текст примечания |
На адрес. стороне изд. марка: "Крым ГИЗ" |
| 300 ## - ОБЩИЕ ПРИМЕЧАНИЯ |
| Текст примечания |
Ценз. разрешение: Ленгорлит № 7598 |
| 300 ## - ОБЩИЕ ПРИМЕЧАНИЯ |
| Текст примечания |
В вып. дан.: Зак. № 1036 |
| 301 ## - ПРИМЕЧАНИЯ, ОТНОСЯЩИЕСЯ К ИДЕНТИФИКАЦИОННЫМ НОМЕРАМ |
| Текст примечания |
Изд. номер: № 83 |
| 316 ## - ПРИМЕЧАНИЯ ОБ ОСОБЕННОСТЯХ ЭКЗЕМПЛЯРА |
| Текст примечания |
Экз. РНБ на шифре Э ОТ63/Л554, инв.67821: 14,8х10,3 см |
| Организация и экземпляр, к которому относится поле |
NLR: Э ОТ63/Л554 |
| 316 ## - ПРИМЕЧАНИЯ ОБ ОСОБЕННОСТЯХ ЭКЗЕМПЛЯРА |
| Текст примечания |
Экз. РНБ на шифре Э ОТ63/Л554, Э0104837: 14,7х10,2 см. На адрес. стороне владел. штемпель: "Н. Тагрин 1934 г." |
| Организация и экземпляр, к которому относится поле |
NLR: Э ОТ63/Л554 |
| 325 1# - ПРИМЕЧАНИЕ О КОПИИ |
| Текст примечания |
Копия доступна в электронной библиотеке РНБ |
| 606 1# - НАИМЕНОВАНИЕ ТЕМЫ КАК ПРЕДМЕТ |
| Наименование темы |
Почтовые открытки маркированные художественные |
| Географический подзаголовок |
СССР |
| Хронологический подзаголовок |
1917 - 1941 |
| Системный номер авторитетной/нормативной записи |
2195712 |
| Идентификатор авторитетной/нормативной записи |
RU\NLR\AUTH\6601555037 |
| 606 1# - НАИМЕНОВАНИЕ ТЕМЫ КАК ПРЕДМЕТ |
| Наименование темы |
Парки |
| Формальный подзаголовок |
Открытки |
| Географический подзаголовок |
Крым |
| Системный номер авторитетной/нормативной записи |
1459612 |
| Идентификатор авторитетной/нормативной записи |
RU\NLR\AUTH\66619143 |
| 606 1# - НАИМЕНОВАНИЕ ТЕМЫ КАК ПРЕДМЕТ |
| Наименование темы |
Беседки |
| Формальный подзаголовок |
Открытки |
| Системный номер авторитетной/нормативной записи |
2239984 |
| Идентификатор авторитетной/нормативной записи |
RU\NLR\AUTH\661344153 |
| 607 ## - ГЕОГРАФИЧЕСКОЕ НАИМЕНОВАНИЕ КАК ПРЕДМЕТ |
| Географическое наименование |
Ливадия, поселок городского типа (Крым) |
| Формальный подзаголовок |
Открытки |
| Системный номер авторитетной/нормативной записи |
1479797 |
| Идентификатор авторитетной/нормативной записи |
RU\NLR\AUTH\66629427 |
| 610 1# - НЕКОНТРОЛИРУЕМЫЕ ПРЕДМЕТНЫЕ ТЕРМИНЫ |
| Предметный термин |
Видовые открытки |
| 617 ## - ИЕРАРХИЧЕСКОЕ ГЕОГРАФИЧЕСКОЕ НАЗВАНИЕ, ИСПОЛЬЗУЕМОЕ КАК ПРЕДМЕТ |
| Страна |
|
| Республика / штат / провинция и т.п. |
Крымская АССР |
| Город |
Ливадия |
| Место действия |
Парк |
| -- |
Беседка |
| 617 ## - ИЕРАРХИЧЕСКОЕ ГЕОГРАФИЧЕСКОЕ НАЗВАНИЕ, ИСПОЛЬЗУЕМОЕ КАК ПРЕДМЕТ |
| Другие географические объекты |
Крым, полуостров |
| 686 0# - ИНДЕКСЫ ДРУГИХ КЛАССИФИКАЦИЙ |
| Индекс |
Щ153(2)7-489 |
| 702 #1 - ИМЯ ЛИЦА - ВТОРИЧНАЯ ОТВЕТСТВЕННОСТЬ |
| Код отношения |
Бывший владелец |
| Начальный элемент ввода |
Тагрин |
| Часть имени, кроме начального элемента ввода |
Н.С. |
| Даты |
1907-1981 |
| Расширение инициалов личного имени |
Николай Спиридонович |
| Системный номер авторитетной/нормативной записи |
134320 |
| Идентификатор авторитетной/нормативной записи |
RU\NLR\AUTH\770134354 |
| 712 02 - НАИМЕНОВАНИЕ ОРГАНИЗАЦИИ - ВТОРИЧНАЯ ОТВЕТСТВЕННОСТЬ |
| Код отношения |
Издатель |
| Начальный элемент ввода |
Государственное издательство Крымской АССР |
| Идентификатор авторитетной/нормативной записи |
RU\NLR\AUTH\8810146975 |
| Системный номер авторитетной/нормативной записи |
788467 |
| 712 02 - НАИМЕНОВАНИЕ ОРГАНИЗАЦИИ - ВТОРИЧНАЯ ОТВЕТСТВЕННОСТЬ |
| Код отношения |
Печатник (типограф) |
| Начальный элемент ввода |
Типография им. Володарского |
| Идентифицирующий признак |
Ленинград |
| Идентификатор авторитетной/нормативной записи |
RU\NLR\AUTH\8810047123 |
| Системный номер авторитетной/нормативной записи |
594031 |
| 830 ## - ОБЩЕЕ ПРИМЕЧАНИЕ, СОСТАВЛЕННОЕ КАТАЛОГИЗАТОРОМ |
| Текст примечания |
Открытка датирована по экз. РНБ на шифре Э ОТ63/Л554, инв.67820: на адресной стороне штамп, содержащий год поступления в РНБ: "Г. П. Б. в Лнгр. Ц. 1933 г. Акт №". А.Я. ОЭст |
| 852 00 - МЕСТОНАХОЖДЕНИЕ И ШИФР ХРАНЕНИЯ |
| Идентификатор организации |
NLR |
| Наименование фонда или коллекции (Sub-Location Identifier) |
Э |
| Шифр хранения (Call Number) |
ОТ63/Л554 |
| Идентификатор единицы |
инв.67820 |
| 852 00 - МЕСТОНАХОЖДЕНИЕ И ШИФР ХРАНЕНИЯ |
| Идентификатор организации |
NLR |
| Наименование фонда или коллекции (Sub-Location Identifier) |
Э |
| Шифр хранения (Call Number) |
ОТ63/Л554 |
| Идентификатор единицы |
инв.67821 |
| 852 00 - МЕСТОНАХОЖДЕНИЕ И ШИФР ХРАНЕНИЯ |
| Идентификатор организации |
NLR |
| Наименование фонда или коллекции (Sub-Location Identifier) |
Э |
| Шифр хранения (Call Number) |
ОТ63/Л554 |
| Идентификатор единицы |
Э0104837 |
| 901 ## - ДАННЫЕ ОБ ОБЪЕКТЕ ОЦИФРОВКИ |
| -- |
Изографические материалы |
| 942 ## - ДОПОЛНИТЕЛЬНЫЕ ЭЛЕМЕНТЫ ЗАПИСИ (АБИС) |
| Тип экземпляра АБИС |
Визуальный материал |
| 980 ## - КОЛЛЕКЦИЯ |
| Название коллекции |
Крым |
| 980 ## - КОЛЛЕКЦИЯ |
| Название коллекции |
Национальная библиография |
| 981 48 - КОЛЛЕКЦИЯ ЭЛЕКТРОННОЙ БИБЛИОТЕКИ |
| Название коллекции |
|
| 981 22 - КОЛЛЕКЦИЯ ЭЛЕКТРОННОЙ БИБЛИОТЕКИ |
| Название коллекции |
Материалы по истории России |
| Название подколлекции |
2.11. Территория |
| 981 22 - КОЛЛЕКЦИЯ ЭЛЕКТРОННОЙ БИБЛИОТЕКИ |
| Название коллекции |
Материалы по истории России |
| Название подколлекции |
3. История России с 25 октября (7 ноября) 1917 года |
| 981 17 - КОЛЛЕКЦИЯ ЭЛЕКТРОННОЙ БИБЛИОТЕКИ |
| Название коллекции |
Изографические материалы |
| Название подколлекции |
Открытки |